ढग पांगले (Record no. 448255)

MARC details
000 -LEADER
fixed length control field 00454nam a2200157Ia 4500
008 - FIXED-LENGTH DATA ELEMENTS--GENERAL INFORMATION
fixed length control field 100204s9999 xx 000 0 und d
082 ## - DEWEY DECIMAL CLASSIFICATION NUMBER
Item number 3295
100 ## - MAIN ENTRY--PERSONAL NAME
Personal name दास योगेश
245 ## - TITLE STATEMENT
Title ढग पांगले
260 ## - PUBLICATION, DISTRIBUTION, ETC. (IMPRINT)
Name of publisher, distributor, etc नॅशनल बुक ट्रस्ट
Date of publication, distribution, etc 1973
300 ## - PHYSICAL DESCRIPTION
Extent 151
630 ## - SUBJECT ADDED ENTRY--UNIFORM TITLE
Uniform title ढग पांगले
700 ## - ADDED ENTRY--PERSONAL NAME
Personal name सरन सुमति
730 ## - ADDED ENTRY--UNIFORM TITLE
Uniform title ढग पांगले
942 ## - ADDED ENTRY ELEMENTS (KOHA)
Koha item type Book
Holdings
Withdrawn status Lost status Damaged status Not for loan Home library Current library Date acquired Cost, normal purchase price Total Checkouts Full call number Barcode Date last seen Cost, replacement price Price effective from Koha item type
        N. C. Kelkar Sarvajanik Library, Mulund N. C. Kelkar Sarvajanik Library, Mulund 02/04/2010 10.50   3295 NCKMULUND-3295 02/04/2010 10.50 02/04/2010 Book